La spedizione de Sua Altezza Reale il Principe Luigi Amedeo di Savoia, Duca degli Abruzzi, al Monte Sant'Elia, Alaska, 1897

محفوظ في:
التفاصيل البيبلوغرافية
المؤلف الرئيسي: Filippi, Filippo de (مؤلف)
التنسيق: كتاب
اللغة:الإيطالية
منشور في: Milán Ulrico Hoepli 1900
الطبعة:2a. ed
الموضوعات:
الوسوم: إضافة وسم
لا توجد وسوم, كن أول من يضع وسما على هذه التسجيلة!

MARC

LEADER 00000nam a2200000 a 4500
001 UCJ4383
003 CL-VaPUC
008 070124e19000000IT |||||||||||||||||ita|d
082 0 4 |a 910.4  |b FIL  |2 21 
100 0 |a Filippi, Filippo de  |e author  |9 507958 
245 1 3 |a La spedizione de Sua Altezza Reale il Principe Luigi Amedeo di Savoia, Duca degli Abruzzi, al Monte Sant'Elia, Alaska, 1897 
250 |a 2a. ed 
300 |a xvii, 284 p 
942 |c BK 
945 |d 20070124 00:00:00  |a rinostro 
260 |a Milán  |b Ulrico Hoepli  |c 1900 
500 |a Dos mapas en bolsillo de la cubierta posterior, cuatro fotografías panorámicas plegadas al final del v. y numerosas fotografías 
600 0 7 |a SABOYA, LUIS AMADEO PRINCIPE DE  |2 CL-VaPUC  |9 507959 
600 0 7 |a CAGNI, UMBERTO  |2 CL-VaPUC  |9 507960 
600 0 7 |a GONELLA, FRANCESCO  |2 CL-VaPUC  |9 507961 
650 0 |a Viajes  |9 257115 
650 0 |a Expediciones científicas  |9 265222 
650 7 |a METEOROLOGIA  |2 CL-VaPUC  |9 260030 
650 7 |a GLACIOLOGIA  |2 CL-VaPUC  |9 330910 
650 0 |a Clima  |9 265281 
650 7 |a FLORA  |2 CL-VaPUC  |9 264745 
650 7 |a FAUNA  |2 CL-VaPUC  |9 349523 
650 0 |a Iconografía   |9 267998 
650 0 |a Ilustraciones  |9 369481 
650 0 |a Mapas  |9 260844 
650 7 |a MONTAÑISMO  |2 CL-VaPUC  |9 384709 
650 0 |a Minería  |9 326008 
650 0 |a Recursos naturales  |9 255232 
651 7 |a ALASKA  |2 CL-VaPUC  |9 359248 
651 7 |a REGION ARTICA  |2 CL-VaPUC  |9 366377 
583 |a last modification  |c 20070124 00:00:00  |k Rodrigo Vera 
999 |c 320499  |d 320497 
952 |0 0  |1 0  |4 0  |6 910_400000000000000_FIL_1900  |7 0  |8 X  |9 399034  |a FDOBUD  |b FDOBUD  |d 2019-11-22  |i 1017454  |o 910.4 FIL 1900  |p 1017454  |r 2019-11-22  |w 2019-11-22  |y BK_X  |k BUD